000 00289nam a2200121Ia 4500
008 190216s9999||||xx |||||||||||||| ||und||
100 _aSingh P R&Amp; Dikshit S K
245 0 _aMolecular Spectroscopy
260 _bS Chand & Co
_c1982
300 _a125p
650 _aChemistry
942 _cBK
999 _c2369
_d2369